000 00912nam a2200289Ia 4500
001 dia_2786
003 CHAP
005 20230508110930.0
008 220117s1969 xx 000 0 und d
010 _a173287
040 _cCHAP
082 _a664.1 H66 1969
100 _aHonig, Pieter
_956143
245 _aPrincipios de tecnología azucarera /
_c Pieter Honig ; traducción José Luis Esparza Delgado
260 _aMéxico :
_b CECSA,
_c1969
300 _a3 v.
500 _aTítulo original: Principles of sugar technology
504 _aIncluye bibliografías
590 _aTP377 H66 1969
650 _aAzúcar
_xFabricación y refinación
_99152
650 _aTecnología azucarera
_9153501
700 _aEsparza Delgado, José Luis, tr.
_9153502
901 _a664.1 H66 1969
902 _aM
905 _a5222271969 mx aimn8222223322spa16
942 _cLIBRO
_2ddc
999 _c173287
_d173287